NHL Top 100 Players 2026 - Statistics

General Stats
  • This quiz has been taken 834 times
  • The average score is 59 of 100
Answer Stats
Rank Team Answer % Correct
1 Oilers Connor McDavid
99%
3 Avalanche Nathan MacKinnon
99%
4 Oilers Leon Draisaitl
97%
2 Avalanche Cale Makar
96%
36 Devils Jack Hughes
95%
7 Canucks Quinn Hughes
94%
8 Maple Leafs Auston Matthews
93%
5 Lightning Nikita Kucherov
92%
72 Panthers Matthew Tkachuk
87%
21 Penguins Sidney Crosby
87%
16 Senators Brady Tkachuk
86%
9 Golden Knights Jack Eichel
85%
29 Capitals Alexander Ovechkin
84%
6 Jets Connor Hellebuyck
84%
11 Bruins David Pastrnak
84%
18 Golden Knights Mitch Marner
82%
51 Sharks Mack Celebrini
80%
10 Stars Mikko Rantanen
80%
15 Wild Kirill Kaprizov
79%
28 Hurricanes Sebastian Aho
79%
12 Lightning Andrei Vasilevskiy
77%
57 Blackhawks Connor Bedard
77%
19 Stars Jason Robertson
77%
70 Canadiens Nick Suzuki
76%
20 Jets Kyle Connor
74%
38 Rangers Artemi Panarin
73%
30 Sabres Tage Thompson
73%
32 Lightning Brayden Point
72%
39 Canadiens Cole Caufield
72%
17 Lightning Victor Hedman
72%
26 Maple Leafs William Nylander
70%
33 Canucks Elias Pettersson
69%
22 Kings Anze Kopitar
68%
14 Rangers Igor Shesterkin
68%
25 Stars Miro Heiskanen
68%
60 Sabres Rasmus Dahlin
68%
24 Red Wings Dylan Larkin
67%
13 Panthers Sam Reinhart
65%
52 Rangers Adam Fox
64%
35 Stars Jake Oettinger
63%
45 Predators Roman Josi
63%
58 Bruins Charlie McAvoy
62%
40 Mammoth Clayton Keller
62%
43 Jets Mark Scheifele
62%
23 Devils Nico Hischier
61%
41 Blue Jackets Zach Werenski
61%
65 Panthers Brad Marchand
60%
55 Oilers Evan Bouchard
60%
47 Panthers Sergei Bobrovsky
60%
27 Predators Filip Forsberg
59%
53 Wild Matt Boldy
59%
83 Predators Steven Stamkos
58%
50 Senators Tim Stutzle
57%
80 Golden Knights Mark Stone
56%
71 Islanders Mathew Barzal
56%
34 Lightning Jake Guentzel
55%
37 Rangers J.T. Miller
55%
63 Avalanche Martin Necas
55%
31 Stars Roope Hintz
55%
46 Kings Adrian Kempe
54%
77 Canadiens Lane Hutson
54%
78 Lightning Brandon Hagel
53%
48 Red Wings Lucas Raymond
53%
42 Hurricanes Seth Jarvis
53%
44 Devils Jesper Bratt
52%
54 Kings Drew Doughty
51%
84 Red Wings Moritz Seider
51%
61 Stars Wyatt Johnston
49%
73 Avalanche Devon Toews
48%
69 Blues Robert Thomas
48%
49 Wild Brock Faber
47%
66 Islanders Ilya Sorokin
47%
92 Predators Juuse Saros
47%
68 Hurricanes Jaccob Slavin
45%
79 Jets Josh Morrissey
45%
91 Oilers Ryan Nugent-Hopkins
45%
59 Red Wings Alex DeBrincat
44%
100 Islanders Bo Horvat
43%
95 Bruins Jeremy Swayman
43%
56 Maple Leafs Matthew Knies
43%
76 Panthers Sam Bennett
43%
99 Oilers Zach Hyman
42%
62 Canadiens Noah Dobson
40%
75 Capitals Tom Wilson
37%
88 Senators Jake Sanderson
36%
94 Blues Jordan Kyrou
36%
81 Stars Thomas Harley
35%
64 Devils Timo Meier
35%
85 Maple Leafs Morgan Rielly
34%
67 Devils Jacob Markstrom
33%
97 Mammoth Logan Cooley
33%
74 Blue Jackets Adam Fantilli
30%
96 Mammoth Mikhail Sergachev
30%
87 Flyers Matvei Michkov
27%
89 Panthers Anton Lundell
26%
90 Flames MacKenzie Weegar
22%
98 Ducks Mason McTavish
20%
93 Hurricanes Logan Stankoven
18%
86 Jets Cole Perfetti
14%
82 Sabres Josh Norris
14%
No matching quizzes found
Score Distribution
Percent of People with Each Score
Percentile by Number Answered
Your Score History
You have not taken this quiz